000 00393nam a2200157Ia 4500
005 20250606032027.0
008 240331s9999 xx 000 0 und d
020 _a9559261258
082 _bLIY
_a305
100 _aLiyanage, P
245 0 _aVivi
260 _aColombo
_bWomen Education & Research Centre
300 _a125 p ., ( c 2)
500 _aA book about vivi & gunawardana
942 _cL
999 _c5594
_d5594